[Event "FIDE Zonal 2.5-W 2019"]
[Site "Montevideo"]
[Date "2019.04.18"]
[Round "8.5"]
[White "Reyes Jara, Paula"]
[Black "Amura, Claudia"]
[Result "0-1"]
[WhiteElo "1926"]
[BlackElo "2260"]
[Annotator "TA"]
[PlyCount "116"]
[EventDate "2019.04.13"]
[EventType "swiss"]
[EventCountry "URU"]
[SourceTitle "playchess.com"]
[Source "ChessBase"]
[SourceQuality "1"]

{[%evp 13,116,0,0,-3,0,0,26,30,26,0,102,2,5,-12,-32,-56,-13,-41,14,-58,-45,-56,-31,-61,-60,-56,-56,-54,-46,-47,-47,-58,0,-226,-111,-97,-100,-116,-83,-215,-199,-177,-177,-187,-174,-167,-152,-158,-157,-152,-154,-182,-139,-176,-139,-219,-168,-171,-152,-178,-156,-133,-114,-139,-103,-102,-70,-68,-41,-42,-43,-99,-30,-51,-31,-71,-10,-19,-7,-77,-68,-713,-691,-735,-725,-453,-440,-870,-867,-786,-792,-642,-642,-607,-605,-588,-426,-29993,-29993,-29996,-29997,-29997,-29998,-29998,-29999]} 1. d4 d5 2. c4 e6 3. Nf3 Nf6 4. Nc3 Be7 5. e3 b6 6. cxd5 exd5 7. Qc2 O-O 8. Be2 {D37: Queen's Gambit Declined: 5 Bf4} (8. Bd3 c5 9. Ne5 Bb7 10. O-O Nc6 11. Nxc6 Bxc6 12. dxc5 bxc5 13. b3 Bd6 14. h3 Re8 15. Bb5 Rc8 16. Bxc6 Rxc6 17. Ne2 Be5 18. Bb2 Bxb2 19. Qxb2 {1-0 (41) Mamedyarov,S (2657)-Neverov,V (2537) Tripoli 2004}) 8... c5 9. O-O g6 $146 ({Predecessor:} 9... Bb7 10. Ne5 Nbd7 11. Rd1 Bd6 12. Qf5 g6 13. Qg5 c4 14. e4 Nxe4 15. Nxe4 dxe4 16. Nxc4 {0-1 (51) Ostovic,M (2323)-Rogic,D (2555) Bol 2014}) 10. dxc5 {White has an edge.} bxc5 11. Rd1 Na6 (11... Nc6 $11) 12. Qa4 (12. a3 $16) 12... Nc7 $11 13. Ne5 Bd6 14. Nd3 Bb7 {aiming for ...d4!} 15. Bf3 Qc8 (15... Re8 $15) 16. Qh4 (16. b4 $11 c4 17. Nc5) 16... Qf5 $15 17. b3 Rfd8 18. Bb2 {Threatens to win with Nb5!} g5 $1 {[%cal Rg5h4]} 19. Qh6 {e4! is the strong threat.} Bf8 20. Qh3 g4 {[%mdl 64] Double Attack} 21. Qg3 Bd6 $36 {[%mdl 2048] Black is pushing.} 22. Nf4 Kf8 (22... h5 $1 $15) 23. Ncxd5 $2 (23. Be2 $11) 23... Nfxd5 ({Don't take} 23... Bxd5 24. Qh4 $17) (23... Ncxd5 $19 {is more deadly.} 24. Bxf6 Nxf4 25. Qxg4 (25. Bxd8 $2 Nh3+ {[%mdl 64] Discovered Attack} 26. Qxh3 gxh3 $19) 25... Nh3+ {[%mdl 64] Deflection} 26. gxh3 (26. Qxh3 $2 Qxh3 27. gxh3 Bxf3 $19) 26... Qxf3 27. Qxf3 Bxf3 28. Bxd8 Rxd8) 24. Bxg4 $17 {[#]} Nxf4 $3 {[%mdl 512]} 25. exf4 ({Avoid the trap} 25. Bg7+ $2 Kg8 $19) 25... Qg6 26. Qh4 (26. f5 $17 Qh6 27. Be5) 26... f5 $19 27. Bh3 Ne6 28. Qf6+ Qxf6 29. Bxf6 Be7 30. Bxe7+ Kxe7 31. Bxf5 Nxf4 {Hoping for ...Kf6.} 32. g3 Ne2+ 33. Kf1 Nd4 {[#]} 34. Bd3 (34. Be4 $1 $17 {[%mdl 512]} Bxe4 35. Re1) 34... Rd6 35. Rac1 Rc8 36. h3 h6 37. f4 Re6 38. Kf2 a5 39. Bc4 Rb6 40. Re1+ Kf6 41. Re5 {[#]} a4 $1 {[%cal Ra4b3]} 42. Rc3 (42. g4 $15) (42. bxa4 Rb2+) 42... a3 (42... axb3 $17 43. Bxb3 Rb4 44. Rcxc5 Rxc5 45. Rxc5 Nxb3 46. axb3 Rxb3) 43. Rh5 Kg6 44. g4 Be4 ({Black should try} 44... Rf8 $17 45. Kg3 Rbf6 46. f5+ Kh7) 45. Rc1 $11 Rf6 46. Ke3 (46. Re5 $11 {remains equal.} Bc2 47. f5+ Kg7 48. Kg3) 46... Bf5 47. Bd3 $2 {[%mdl 8192]} (47. Rxf5 $15 Nxf5+ 48. gxf5+ Kxf5 49. Bd3+ Ke6 50. Rc4) 47... Re8+ $19 48. Kd2 Nf3+ 49. Kc3 Bxd3 {[%mdl 64] Discovered Attack} 50. Kxd3 (50. f5+ $142 Bxf5 51. Rxf5) 50... Rxf4 {( -> ...Rd4+)} 51. Rcxc5 Rd4+ 52. Kc2 Re2+ 53. Kc1 {intending Rc6+.} Rd6 54. Rhf5 Ne1 {Strongly threatening ...Red2.} 55. Rc8 (55. h4 $19 Rd7 56. Rcd5 Rxd5 57. Rxd5 Rxa2 58. Rd6+ Kg7 59. Kb1 Rb2+ 60. Kc1) 55... Rxa2 {[%cal Ra2a1] Black mates.} 56. Kb1 Rb2+ {[%mdl 64] Double Attack} 57. Kc1 Nd3+ 58. Kd1 {[#]} Nf2+ $1 {[%mdl 64] Double Attack, Discovered Attack (Double check). Accuracy: White = 33%, Black = 40%.} 0-1

[Event "FIDE Zonal 2.5-W 2019"]
[Site "Montevideo"]
[Date "2019.04.18"]
[Round "8.7"]
[White "Podesta, Sofia"]
[Black "Sarquis, Maria Belen"]
[Result "0-1"]
[WhiteElo "1417"]
[BlackElo "2141"]
[Annotator "NA"]
[PlyCount "32"]
[EventDate "2019.04.13"]
[EventType "swiss"]
[EventCountry "URU"]
[SourceTitle "playchess.com"]
[Source "ChessBase"]
[SourceQuality "1"]
[TimeControl "40/5400+30:1800+30"]

1. d4 {[%emt 0:02:08]} Nf6 {[%emt 0:00:58]} 2. Nf3 {[%emt 0:00:08]} d6 {[%emt 0:00:06]} 3. Bg5 {[%emt 0:00:18]} Nbd7 {[%emt 0:00:13]} 4. e3 {[%emt 0:00:20]} e5 {[%emt 0:00:26]} 5. Nbd2 {[%emt 0:01:36]} Be7 {[%emt 0:00:34]} 6. Bd3 {[%emt 0:01:08]} c6 {[%emt 0:01:16]} 7. O-O {[%emt 0:00:10]} O-O {[%emt 0:00:18]} 8. Qe2 {[%emt 0:01:29]} Re8 {[%emt 0:01:12]} 9. Rfe1 {[%emt 0:00:31]} Qc7 {[%emt 0:00:35]} 10. c3 {[%emt 0:06:09]} h6 {[%emt 0:00:28]} 11. Bh4 {[%emt 0:00:12]} Bf8 {[%emt 0:00:10]} 12. dxe5 {[%emt 0:00:53]} dxe5 {[%emt 0:00:38]} 13. e4 {[%emt 0:03:37]} Nh5 {[%emt 0:02:22]} 14. Bg3 {[%emt 0:06:55]} Nxg3 {[%emt 0:02:45]} 15. fxg3 {[%emt 0:01:13]} Qb6+ {[%emt 0:03:45]} 16. Qf2 {[%emt 0:02:57]} Bc5 {[%emt 0:01:14]} 0-1

[Event "FIDE Zonal 2.5-W 2019"]
[Site "Montevideo"]
[Date "2019.04.19"]
[Round "9.1"]
[White "Zuriel, Marisa"]
[Black "Perez Rodriguez, Jennifer"]
[Result "0-1"]
[WhiteElo "2153"]
[BlackElo "2237"]
[Annotator "NA"]
[PlyCount "84"]
[EventDate "2019.04.13"]
[EventType "swiss"]
[EventCountry "URU"]
[SourceTitle "playchess.com"]
[Source "ChessBase"]
[SourceQuality "1"]
[TimeControl "40/5400+30:1800+30"]

1. e4 {[%emt 0:00:20]} e5 {[%emt 0:00:00]} 2. Nf3 {[%emt 0:00:13]} Nc6 {[%emt 0:00:00]} 3. Bc4 {[%emt 0:00:06]} Bc5 {[%emt 0:00:00]} 4. O-O {[%emt 0:00:40]} Nf6 {[%emt 0:00:21]} 5. d3 {[%emt 0:00:18]} d6 {[%emt 0:00:16]} 6. c3 {[%emt 0:00:19]} a5 {[%emt 0:00:10]} 7. Nbd2 {[%emt 0:00:47]} O-O {[%emt 0:00:19]} 8. h3 {[%emt 0:00:06]} h6 {[%emt 0:00:04]} 9. Re1 {[%emt 0:00:11]} Be6 {[%emt 0:00:27]} 10. Bb5 {[%emt 0:00:28]} Qb8 {[%emt 0:00:13]} 11. Nf1 {[%emt 0:23:26]} Qa7 {[%emt 0:01:30]} 12. Qe2 {[%emt 0:01:24]} a4 {[%emt 0:03:53]} 13. Bxc6 {[%emt 0:01:17]} bxc6 {[%emt 0:00:01]} 14. Ng3 {[%emt 0:00:13]} Rfe8 15. Nh4 {[%emt 0:02:09]} d5 {[%emt 0:09:22]} 16. Qf3 {[%emt 0:06:22]} Kh7 {[%emt 0:02:27]} 17. Nhf5 {[%emt 0:04:21]} Ng8 {[%emt 0:04:30]} 18. Be3 {[%emt 0:11:14]} d4 {[%emt 0:17:42]} 19. cxd4 {[%emt 0:01:14]} exd4 {[%emt 0:00:01]} 20. Bc1 {[%emt 0:09:24]} g6 {[%emt 0:06:37]} 21. Nh4 {[%emt 0:00:18]} Be7 {[%emt 0:01:15]} 22. Nhf5 {[%emt 0:14:46]} gxf5 {[%emt 0:00:49]} 23. Nxf5 {[%emt 0:00:06]} Qa5 {[%emt 0:03:46]} 24. Rd1 {[%emt 0:05:44]} Bxf5 {[%emt 0:01:18]} 25. exf5 {[%emt 0:00:04]} Qd5 {[%emt 0:00:33]} 26. Qh5 {[%emt 0:00:05]} Ra5 {[%emt 0:05:29]} 27. g4 {[%emt 0:00:05]} Bd6 {[%emt 0:04:18]} 28. Bd2 {[%emt 0:00:09]} Raa8 {[%emt 0:03:06]} 29. Re1 {[%emt 0:02:33]} Kg7 {[%emt 0:02:44]} 30. g5 {[%emt 0:06:55]} hxg5 {[%emt 0:01:37]} 31. Qxg5+ {[%emt 0:00:34]} Kf8 {[%emt 0:00:25]} 32. Qh5 {[%emt 0:00:19]} Be5 {[%emt 0:03:24]} 33. Rac1 {[%emt 0:01:12]} Rab8 {[%emt 0:04:38]} 34. a3 {[%emt 0:00:18]} c5 {[%emt 0:02:01]} 35. Re4 {[%emt 0:00:40]} Bg7 {[%emt 0:05:47]} 36. Rxe8+ {[%emt 0:00:51]} Kxe8 {[%emt 0:00:59]} 37. Qh7 {[%emt 0:00:12]} Kf8 {[%emt 0:00:18]} 38. Bf4 {[%emt 0:02:37]} Nf6 {[%emt 0:00:28]} 39. Qh4 {[%emt 0:00:03]} Qxf5 {[%emt 0:00:35]} 40. Bxc7 {[%emt 0:00:06]} Rc8 {[%emt 0:01:18]} 41. Bd6+ {[%emt 0:35:51]} Kg8 {[%emt 0:30:02]} 42. Rd1 {[%emt 0:00:00]} Qh5 {[%emt 0:00:00]} 0-1

[Event "FIDE Zonal 2.5-W 2019"]
[Site "Montevideo"]
[Date "2019.04.19"]
[Round "9.2"]
[White "Nejanky, Maisa"]
[Black "Vargas, Gabriela"]
[Result "1/2-1/2"]
[WhiteElo "2000"]
[BlackElo "2130"]
[Annotator "NA"]
[PlyCount "125"]
[EventDate "2019.04.13"]
[EventType "swiss"]
[EventCountry "URU"]
[SourceTitle "playchess.com"]
[Source "ChessBase"]
[SourceQuality "1"]
[TimeControl "40/5400+30:1800+30"]

1. e4 {[%emt 0:00:00]} e6 {[%emt 0:00:00]} 2. d4 {[%emt 0:00:00]} d5 {[%emt 0:00:02]} 3. Nc3 {[%emt 0:00:00]} h6 {[%emt 0:00:11]} 4. Nf3 {[%emt 0:05:25]} Nf6 {[%emt 0:00:38]} 5. Bd3 {[%emt 0:01:54]} Bb4 {[%emt 0:01:14]} 6. e5 {[%emt 0:12:09]} Ne4 {[%emt 0:06:13]} 7. Bd2 {[%emt 0:06:05]} Nxd2 {[%emt 0:10:24]} 8. Qxd2 {[%emt 0:00:15]} c5 9. a3 {[%emt 0:06:15]} Qa5 {[%emt 0:08:36]} 10. O-O {[%emt 0:00:33]} Bxc3 {[%emt 0:05:03]} 11. Qxc3 {[%emt 0:17:57]} Qxc3 {[%emt 0:01:04]} 12. bxc3 {[%emt 0:00:05]} c4 {[%emt 0:08:21]} 13. Be2 {[%emt 0:00:05]} b5 {[%emt 0:09:39]} 14. Nd2 {[%emt 0:09:35]} Bd7 {[%emt 0:04:25]} 15. f4 {[%emt 0:00:10]} Nc6 {[%emt 0:03:40]} 16. g4 {[%emt 0:10:22]} a5 {[%emt 0:05:56]} 17. Nf3 {[%emt 0:14:44]} Rb8 {[%emt 0:05:19]} 18. Kf2 {[%emt 0:00:30]} b4 {[%emt 0:08:19]} 19. axb4 {[%emt 0:01:23]} axb4 {[%emt 0:00:05]} 20. cxb4 {[%emt 0:00:19]} Rxb4 {[%emt 0:00:43]} 21. Ra8+ {[%emt 0:06:36]} Rb8 {[%emt 0:03:36]} 22. Rxb8+ {[%emt 0:00:27]} Nxb8 {[%emt 0:00:02]} 23. Ra1 {[%emt 0:01:19]} Kd8 {[%emt 0:03:17]} 24. Ra7 {[%emt 0:00:39]} Nc6 {[%emt 0:00:36]} 25. Ra8+ {[%emt 0:00:22]} Bc8 {[%emt 0:00:03]} 26. f5 {[%emt 0:03:37]} Kc7 {[%emt 0:01:09]} 27. fxe6 {[%emt 0:01:33]} fxe6 {[%emt 0:01:40]} 28. Ke3 {[%emt 0:00:56]} Kb7 {[%emt 0:01:17]} 29. Ra1 {[%emt 0:00:20]} Ne7 {[%emt 0:01:28]} 30. h4 {[%emt 0:00:46]} g6 {[%emt 0:03:52]} 31. c3 {[%emt 0:00:28]} Rf8 {[%emt 0:02:19]} 32. Rg1 {[%emt 0:00:31]} Kc7 {[%emt 0:01:31]} 33. Bd1 {[%emt 0:00:23]} Bd7 {[%emt 0:00:41]} 34. Bc2 {[%emt 0:00:32]} Ra8 {[%emt 0:01:09]} 35. Kd2 {[%emt 0:00:41]} Rf8 {[%emt 0:00:14]} 36. Ke3 {[%emt 0:00:26]} Ra8 {[%emt 0:00:03]} 37. Kd2 {[%emt 0:00:32]} Rf8 {[%emt 0:00:07]} 38. Ke2 {[%emt 0:00:34]} Ra8 {[%emt 0:02:05]} 39. Ne1 {[%emt 0:00:21]} Rf8 {[%emt 0:02:51]} 40. Ng2 {[%emt 0:00:19]} Ra8 {[%emt 0:01:35]} 41. Rf1 {[%emt 0:30:35]} Ra2 {[%emt 0:01:02]} 42. Kd2 {[%emt 0:00:00]} Ba4 {[%emt 0:00:32]} 43. Ne3 {[%emt 0:00:00]} h5 {[%emt 0:02:49]} 44. Rf7 {[%emt 0:00:00]} Kd7 {[%emt 0:03:19]} 45. gxh5 {[%emt 0:00:00]} gxh5 {[%emt 0:00:22]} 46. Kc1 {[%emt 0:00:00]} Ke8 {[%emt 0:04:50]} 47. Rh7 {[%emt 0:00:00]} Bxc2 {[%emt 0:00:05]} 48. Nxc2 {[%emt 0:00:00]} Nf5 {[%emt 0:00:03]} 49. Rxh5 {[%emt 0:00:00]} Kf7 {[%emt 0:00:03]} 50. Rh8 {[%emt 0:00:00]} Kg7 {[%emt 0:00:09]} 51. Re8 {[%emt 0:00:00]} Kf7 {[%emt 0:00:08]} 52. Rh8 {[%emt 0:00:00]} Kg7 {[%emt 0:00:05]} 53. Rb8 {[%emt 0:00:00]} Nxh4 {[%emt 0:00:52]} 54. Kb1 {[%emt 0:00:00]} Ra4 {[%emt 0:01:15]} 55. Nb4 {[%emt 0:00:00]} Ng6 {[%emt 0:02:59]} 56. Nc6 {[%emt 0:00:00]} Nf4 {[%emt 0:00:09]} 57. Nd8 {[%emt 0:00:20]} Kg6 {[%emt 0:01:28]} 58. Rb6 {[%emt 0:03:05]} Kf5 {[%emt 0:00:15]} 59. Nb7 {[%emt 0:00:13]} Nd3 {[%emt 0:03:15]} 60. Nd8 {[%emt 0:02:31]} Nf4 {[%emt 0:00:55]} 61. Nb7 {[%emt 0:00:18]} Nd3 {[%emt 0:00:09]} 62. Nd8 {[%emt 0:00:43]} Nf4 {[%emt 0:00:05]} 63. Nb7 {[%emt 0:00:28] Kxe5} 1/2-1/2

[Event "FIDE Zonal 2.5-W 2019"]
[Site "Montevideo"]
[Date "2019.04.19"]
[Round "9.3"]
[White "Amura, Claudia"]
[Black "Gomez Barrera, Javiera Belen"]
[Result "1/2-1/2"]
[WhiteElo "2260"]
[BlackElo "2016"]
[Annotator "NA"]
[PlyCount "72"]
[EventDate "2019.04.13"]
[EventType "swiss"]
[EventCountry "URU"]
[SourceTitle "playchess.com"]
[Source "ChessBase"]
[SourceQuality "1"]
[TimeControl "40/5400+30:1800+30"]

1. d4 {[%emt 0:00:00]} Nf6 {[%emt 0:00:00]} 2. c4 {[%emt 0:00:00]} g6 {[%emt 0:00:00]} 3. Nc3 {[%emt 0:00:00]} Bg7 {[%emt 0:00:08]} 4. Nf3 {[%emt 0:00:17]} O-O {[%emt 0:00:14]} 5. Bg5 {[%emt 0:00:14]} d6 {[%emt 0:00:10]} 6. e3 {[%emt 0:00:04]} c5 {[%emt 0:00:57]} 7. Be2 {[%emt 0:00:44]} h6 {[%emt 0:00:49]} 8. Bh4 {[%emt 0:04:25]} g5 {[%emt 0:03:25]} 9. Bg3 {[%emt 0:00:06]} Nh5 {[%emt 0:00:30]} 10. Nd2 {[%emt 0:14:32]} Nxg3 {[%emt 0:05:18]} 11. hxg3 {[%emt 0:01:47]} cxd4 {[%emt 0:06:49]} 12. exd4 {[%emt 0:06:28]} Nc6 13. Nb3 e5 {[%emt 0:21:43]} 14. dxe5 {[%emt 0:19:39]} dxe5 {[%emt 0:01:59]} 15. O-O {[%emt 0:02:55]} Nd4 {[%emt 0:06:22]} 16. Nxd4 {[%emt 0:03:48]} exd4 {[%emt 0:01:10]} 17. Ne4 {[%emt 0:00:58]} f5 {[%emt 0:20:30]} 18. Nc5 {[%emt 0:01:20]} Qc7 {[%emt 0:00:13]} 19. Nb3 {[%emt 0:03:46]} d3 {[%emt 0:09:38]} 20. Qxd3 {[%emt 0:03:57]} Bxb2 {[%emt 0:01:43]} 21. Rad1 {[%emt 0:02:39]} Be6 {[%emt 0:06:56]} 22. Nd4 {[%emt 0:01:34]} Bxd4 {[%emt 0:01:07]} 23. Qxd4 {[%emt 0:00:08]} g4 {[%emt 0:01:20]} 24. Qe3 {[%emt 0:07:46]} Rf6 {[%emt 0:03:40]} 25. Rd4 {[%emt 0:00:12]} Bf7 {[%emt 0:02:32]} 26. Rfd1 {[%emt 0:02:06]} Re8 {[%emt 0:00:59]} 27. Qd2 {[%emt 0:00:14]} Qc5 {[%emt 0:01:40]} 28. Rd7 {[%emt 0:02:29]} Re7 {[%emt 0:01:51]} 29. Rd8+ {[%emt 0:02:23]} Kg7 {[%emt 0:00:01]} 30. Bd3 {[%emt 0:01:10]} Re8 {[%emt 0:01:49]} 31. Rd7 {[%emt 0:01:05]} Re7 {[%emt 0:00:51]} 32. Rd8 {[%emt 0:01:56]} Re8 {[%emt 0:00:01]} 33. Rd7 Re7 34. Rxe7 Qxe7 35. Qa5 b6 36. Qc3 Qc5 1/2-1/2

[Event "FIDE Zonal 2.5-W 2019"]
[Site "Montevideo"]
[Date "2019.04.19"]
[Round "9.5"]
[White "Malan, Lucia"]
[Black "Brizzi, Milagros Tatiana"]
[Result "1/2-1/2"]
[WhiteElo "1877"]
[BlackElo "2126"]
[Annotator "NA"]
[PlyCount "47"]
[EventDate "2019.04.13"]
[EventType "swiss"]
[EventCountry "URU"]
[SourceTitle "playchess.com"]
[Source "ChessBase"]
[SourceQuality "1"]
[TimeControl "40/5400+30:1800+30"]

1. e4 {[%emt 0:00:00]} c6 {[%emt 0:00:00]} 2. d4 {[%emt 0:00:00]} d5 {[%emt 0:00:01]} 3. Nd2 {[%emt 0:00:02]} dxe4 {[%emt 0:00:17]} 4. Nxe4 {[%emt 0:00:12]} Bf5 {[%emt 0:00:18]} 5. Ng3 {[%emt 0:00:12]} Bg6 {[%emt 0:00:12]} 6. Nf3 {[%emt 0:00:13]} Nd7 {[%emt 0:00:17]} 7. h4 {[%emt 0:00:25]} h6 {[%emt 0:00:14]} 8. h5 {[%emt 0:00:09]} Bh7 {[%emt 0:00:10]} 9. Bd3 {[%emt 0:00:26]} Bxd3 {[%emt 0:00:08]} 10. Qxd3 {[%emt 0:00:06]} e6 {[%emt 0:00:07]} 11. Bf4 {[%emt 0:00:25]} Qa5+ {[%emt 0:00:32]} 12. Bd2 {[%emt 0:00:45]} Bb4 {[%emt 0:00:50]} 13. a3 {[%emt 0:02:22]} Bxd2+ {[%emt 0:01:09]} 14. Qxd2 Qd5 {[%emt 0:11:36]} 15. Qb4 {[%emt 0:13:12]} b5 16. O-O-O {[%emt 0:14:53]} a5 {[%emt 0:02:44]} 17. Qc3 {[%emt 0:05:13]} Ne7 {[%emt 0:09:01]} 18. Ne5 O-O {[%emt 0:09:37]} 19. Nxd7 {[%emt 0:03:19]} Qxd7 {[%emt 0:00:14]} 20. Ne4 {[%emt 0:00:55]} Qd5 {[%emt 0:17:52]} 21. f3 {[%emt 0:04:42]} Rfb8 {[%emt 0:08:14]} 22. Qd3 {[%emt 0:09:49]} Rd8 {[%emt 0:11:40]} 23. g4 {[%emt 0:06:26]} b4 {[%emt 0:05:09]} 24. g5 {[%emt 0:09:45]} 1/2-1/2

[Event "FIDE Zonal 2.5-W 2019"]
[Site "Montevideo"]
[Date "2019.04.19"]
[Round "9.6"]
[White "Meza, Anahi"]
[Black "Podesta, Sofia"]
[Result "1-0"]
[WhiteElo "2073"]
[BlackElo "1417"]
[Annotator "NA"]
[PlyCount "39"]
[EventDate "2019.04.13"]
[EventType "swiss"]
[EventCountry "URU"]
[SourceTitle "playchess.com"]
[Source "ChessBase"]
[SourceQuality "1"]
[TimeControl "40/5400+30:1800+30"]

1. d4 {[%emt 0:00:00]} e6 {[%emt 0:05:30]} 2. c4 {[%emt 0:00:00]} f5 {[%emt 0:00:07]} 3. g3 {[%emt 0:00:00]} Nf6 {[%emt 0:00:11]} 4. Bg2 {[%emt 0:00:09]} d5 {[%emt 0:00:11]} 5. Nc3 {[%emt 0:00:19]} c6 {[%emt 0:00:31]} 6. Nh3 {[%emt 0:00:27]} Bd6 {[%emt 0:00:36]} 7. O-O {[%emt 0:00:17]} O-O {[%emt 0:00:08]} 8. Bf4 {[%emt 0:00:15]} Ne4 {[%emt 0:01:11]} 9. Qc2 {[%emt 0:02:58]} Bxf4 {[%emt 0:05:36]} 10. Nxf4 {[%emt 0:00:26]} Qf6 {[%emt 0:00:50]} 11. cxd5 {[%emt 0:25:26]} Nxc3 {[%emt 0:04:43]} 12. bxc3 {[%emt 0:11:25]} exd5 {[%emt 0:00:38]} 13. c4 {[%emt 0:01:30]} dxc4 {[%emt 0:01:25]} 14. Qxc4+ {[%emt 0:00:19]} Qf7 {[%emt 0:00:12]} 15. Qc3 {[%emt 0:02:07]} Nd7 {[%emt 0:01:10]} 16. d5 {[%emt 0:01:00]} Qf6 {[%emt 0:03:27]} 17. Qb3 {[%emt 0:05:27]} Kh8 {[%emt 0:04:29]} 18. Ne6 {[%emt 0:03:22]} Rf7 {[%emt 0:01:09]} 19. dxc6 {[%emt 0:01:55]} Nb6 {[%emt 0:00:37]} 20. Nd8 {[%emt 0:02:53]} 1-0

[Event "FIDE Zonal 2.5-W 2019"]
[Site "Montevideo"]
[Date "2019.04.19"]
[Round "9.7"]
[White "Sarquis, Maria Belen"]
[Black "Reyes Jara, Paula"]
[Result "1/2-1/2"]
[WhiteElo "2141"]
[BlackElo "1926"]
[Annotator "NA"]
[PlyCount "73"]
[EventDate "2019.04.13"]
[EventType "swiss"]
[EventCountry "URU"]
[SourceTitle "playchess.com"]
[Source "ChessBase"]
[SourceQuality "1"]
[TimeControl "40/5400+30:1800+30"]

1. e4 {[%emt 0:07:12]} c6 {[%emt 0:00:13]} 2. d4 {[%emt 0:00:25]} d5 {[%emt 0:00:11]} 3. e5 {[%emt 0:00:04]} Bf5 {[%emt 0:00:59]} 4. c3 {[%emt 0:00:13]} e6 {[%emt 0:00:56]} 5. Be3 {[%emt 0:00:06]} Nd7 {[%emt 0:00:42]} 6. f4 {[%emt 0:02:49]} h5 {[%emt 0:04:37]} 7. g3 {[%emt 0:07:32]} Qb6 {[%emt 0:04:23]} 8. b3 {[%emt 0:11:43]} Be7 {[%emt 0:02:13]} 9. Be2 {[%emt 0:00:55]} g6 {[%emt 0:06:19]} 10. Nd2 {[%emt 0:02:18]} Nh6 {[%emt 0:05:40]} 11. h3 {[%emt 0:01:45]} Qa5 {[%emt 0:07:53]} 12. b4 {[%emt 0:07:16]} Qa3 {[%emt 0:02:58]} 13. Qb3 {[%emt 0:00:36]} Qxb3 {[%emt 0:00:55]} 14. axb3 {[%emt 0:00:08]} Rg8 {[%emt 0:01:29]} 15. Ngf3 {[%emt 0:03:36]} f6 {[%emt 0:12:44]} 16. exf6 {[%emt 0:03:37]} Nxf6 {[%emt 0:03:07]} 17. Ng5 {[%emt 0:08:25]} Nf7 {[%emt 0:00:10]} 18. Nxf7 {[%emt 0:00:14]} Kxf7 {[%emt 0:01:18]} 19. Bf3 {[%emt 0:01:35]} a6 {[%emt 0:11:42]} 20. Ke2 {[%emt 0:00:44]} Rg7 21. Kf1 {[%emt 0:00:20]} Bd3+ {[%emt 0:01:07]} 22. Kg2 Ne8 23. g4 {[%emt 0:09:03]} Nd6 {[%emt 0:03:11]} 24. Kg3 {[%emt 0:07:32]} Bd8 {[%emt 0:09:39]} 25. Ra2 {[%emt 0:04:56]} Bc7 {[%emt 0:02:09]} 26. Kg2 {[%emt 0:04:38]} Ke7 {[%emt 0:04:22]} 27. Kf2 {[%emt 0:02:15]} h4 {[%emt 0:00:22]} 28. Be2 {[%emt 0:01:03]} Be4 {[%emt 0:02:27]} 29. Rf1 {[%emt 0:02:27]} Rf8 {[%emt 0:03:26]} 30. Kg1 {[%emt 0:00:16]} Rh7 {[%emt 0:01:13]} 31. Raa1 {[%emt 0:01:45]} Kd7 {[%emt 0:01:19]} 32. c4 {[%emt 0:00:51]} Rhf7 {[%emt 0:02:45]} 33. Rf2 {[%emt 0:00:15]} Bc2 {[%emt 0:01:47]} 34. Raf1 {[%emt 0:04:23]} Ne4 {[%emt 0:00:13]} 35. Nxe4 {[%emt 0:00:20]} Bxe4 {[%emt 0:00:18]} 36. Bc1 {[%emt 0:01:17]} Bc2 {[%emt 0:01:13]} 37. Rf3 {[%emt 0:00:38]} 1/2-1/2